000 00469nam a2200145 4500
999 _c10847
_d10847
008 180924b ||||| |||| 00| 0 eng d
022 _a2094-8042
082 _aDPer 370.105 M72 Jan-Dec 2011 v59-60
100 _931555
_aTalay-Ruz, Nena
245 _aThe teacher's role as an evaluator/
_cNena Talay-Ruz.
260 _aPhilippines:
_bIn the Grade School, Inc.,
_cc2011.
300 _av60 n5, page 183;
_c27cm.
650 0 _931556
_aTeachers
_xRole
942 _2ddc
_cPER